Ends with 'END' Quiz Stats

Quiz Updated Jan 21, 2014

Challenge
Share
Tweet
Embed
Score 0/26 Timer 06:00
0 Plays Today
Clue -END Word % Correct
Go to a school or an eventattend
93.7%
Curvebend
92.7%
Repair a ripmend
91.1%
Give temporarilylend
89%
Mix together ingredientsblend
88.8%
Go up, like stairsascend
88.7%
Capture a criminalapprehend
85.8%
Serve drinks at a pubbartend
83.2%
Make-believepretend
83%
Understandcomprehend
79.7%
Lengthenextend
73.4%
Female steadygirlfriend
63.9%
Pay out, to purchasespend
61.9%
Clue -END Word % Correct
Share of profitsdividend
60.6%
Mythical storylegend
59.8%
Use up, like all your energyexpend
58.3%
Stand up fordefend
58.1%
Talk down tocondescend
55.9%
Cause discomfort or pain with wordsoffend
47.7%
A general prevailing movementtrend
46.5%
A fixed sum paid periodically for expensesstipend
45.1%
Evil personfiend
44.7%
Praise for good workcommend
43.9%
Clergy memberreverend
43.5%
Place reliance or trustdepend
40.3%
Offer, as a suggestionrecommend
23.1%

You're not logged in!

Compare scores with friends on all Sporcle quizzes.
Sign Up with Email
OR
Log In

You Might Also Like...

Show Comments

Extras

Top Quizzes Today


Score Distribution

Your Account Isn't Verified!

In order to create a playlist on Sporcle, you need to verify the email address you used during registration. Go to your Sporcle Settings to finish the process.

Report this User

Report this user for behavior that violates our Community Guidelines.

Details: